Sarmiento, Bello, Mariátegui y otros ensayos

Shranjeno v:
Bibliografske podrobnosti
Glavni avtor: Weinberg, Gregorio (Author)
Format: Knjiga
Jezik:španščina
Izdano: Buenos Aires Academia Nacional de Educación 1999
Serija:Estudios, 16
Teme:
Oznake: Označite
Brez oznak, prvi označite!

MARC

LEADER 00000nam a2200000 a 4500
001 UCM9690
003 CL-VaPUC
008 030509e19990000AG |||||||||||||||||spa|d
082 0 4 |a 370.1  |b WEI  |2 21 
100 0 |a Weinberg, Gregorio  |e author  |9 476230 
245 1 0 |a Sarmiento, Bello, Mariátegui y otros ensayos 
300 |a 164 p 
942 |c BK 
945 |d 20030509 00:00:00  |a cmena 
260 |a Buenos Aires  |b Academia Nacional de Educación  |c 1999 
600 0 |a Sarmiento, Domingo Faustino  |9 311947 
600 0 7 |a VARELA, JOSE P  |2 CL-VaPUC  |9 476231 
600 0 7 |a BELLO, ANDRES  |2 CL-VaPUC  |9 476232 
600 0 |a Mariátegui La Chira, José Carlos,  |d 1894-1930  |9 438514 
650 0 |a Filosofía de la educación   |9 258384 
583 |a last modification  |c 20030509 00:00:00  |k Rodrigo Vera 
490 0 |a Estudios, 16 
999 |c 303833  |d 303831 
952 |0 0  |1 0  |4 0  |6 370_100000000000000_WEI_1999  |7 0  |8 A  |9 365403  |a BIBEDU  |b BIBEDU  |d 2019-11-21  |i 3902382  |o 370.1 WEI 1999  |p 3902382  |r 2019-11-21  |w 2019-11-21  |y BK  |k BME